<?xml version="1.0" encoding="UTF-8"?>
<collection xmlns:xsi="http://www.w3.org/2001/XMLSchema-instance" xsi:schemaLocation="http://www.loc.gov/MARC21/slim http://www.loc.gov/standards/marcxml/schema/MARC21slim.xsd" xmlns="http://www.loc.gov/MARC21/slim">
 <record>
  <leader>00000ctm a22000003a 4500</leader>
  <controlfield tag="001">UP-99796217612991991</controlfield>
  <controlfield tag="003">Buklod</controlfield>
  <controlfield tag="005">20190401165740.0</controlfield>
  <controlfield tag="006">t    gr     000 0 </controlfield>
  <controlfield tag="007">ta</controlfield>
  <controlfield tag="008">190401s2014    xx     d     r    |||| u|</controlfield>
  <datafield tag="035" ind1=" " ind2=" ">
   <subfield code="a">(iLib)UPD-00397771646</subfield>
  </datafield>
  <datafield tag="040" ind1=" " ind2=" ">
   <subfield code="a">DMC</subfield>
   <subfield code="e">rda</subfield>
  </datafield>
  <datafield tag="041" ind1=" " ind2=" ">
   <subfield code="a">fil</subfield>
   <subfield code="a">eng</subfield>
  </datafield>
  <datafield tag="100" ind1="1" ind2=" ">
   <subfield code="a">Ferreras, Jose Remberto La Madrid</subfield>
   <subfield code="d">1993-</subfield>
   <subfield code="e">author,.</subfield>
  </datafield>
  <datafield tag="245" ind1="1" ind2="0">
   <subfield code="a">Kapatid, usap tayo</subfield>
   <subfield code="b">the confiding experience of young adult siblings belonging to the different types of Filipino families</subfield>
   <subfield code="c">Jose Remberto La Madrid Ferreras, Maylene Librando Manzano ; Lourdes M. Portus, Ph.D., adviser.</subfield>
  </datafield>
  <datafield tag="264" ind1=" " ind2="1">
   <subfield code="c">2014.</subfield>
  </datafield>
  <datafield tag="300" ind1=" " ind2=" ">
   <subfield code="a">xix, 125 leaves</subfield>
   <subfield code="b">color illustrations</subfield>
  </datafield>
  <datafield tag="336" ind1=" " ind2=" ">
   <subfield code="a">text</subfield>
   <subfield code="2">rdacontent</subfield>
  </datafield>
  <datafield tag="337" ind1=" " ind2=" ">
   <subfield code="a">unmediated</subfield>
   <subfield code="2">rdamedia</subfield>
  </datafield>
  <datafield tag="338" ind1=" " ind2=" ">
   <subfield code="a">volume</subfield>
   <subfield code="2">rdacarrier</subfield>
  </datafield>
  <datafield tag="500" ind1=" " ind2=" ">
   <subfield code="a">Vita.</subfield>
  </datafield>
  <datafield tag="502" ind1=" " ind2=" ">
   <subfield code="a">Thesis (A.B. Communication Research)--University of the Philippines Diliman</subfield>
   <subfield code="d">2014.</subfield>
  </datafield>
  <datafield tag="506" ind1=" " ind2=" ">
   <subfield code="a">Available to the general public.</subfield>
  </datafield>
  <datafield tag="520" ind1="3" ind2=" ">
   <subfield code="a">&quot;With the restructuring of the Filipino family over the years, it is important to look into how siblings and their relationship with each other have also evolved over time, and how these changes have affected how they communicate with each other, such as in their confiding experiences. Confiding is an act of confidently disclosing personal matters to individuals or groups, seeking some personal or social gratification of their needs in return. This research aims to explore the confiding communication experiences of siblings aged 18 to 25 who belong to different types of Filipino families: nuclear family, broke family, transnational family, and single-parent family. In line with this, the researchers conducted focus interviews with eight (8) sibling pairs and one focus groups discussion with eight (8) individuals who have young adult siblings - to provide backgrounds on their respective sibling relationships and their confiding experiences. In addition, key informant interviews with a parent and experts from the social sciences were also conducted to provide parental and academic perspectives to the study, respectively. Guided by the Diagram of Sibling Relationship Theory, Social Penetration Theory and Uses and Gratifications Theory, Filipino oyoung adult siblings were found to share a close relationship with each other, as assessed in terms of warmth/closeness, conflict, rivalry, and relative power/status among siblings. Several factors also come into play when it comes to siblings relationship with parents. These determinants and factors were found to be interdependent with each other. The researcher noted several manifestations of having a close sibling relationship - one of which is confiding. Siblings confide in each other from time to time about a range of topics/issues that they deem personal with the hopes of satisfying their need for comfort and guidance, among many other. Individuals who confide more personal topics/issues in their siblings signify that they have a closer relationship with each other. As found in the study, siblings who confide in each other, oftentimes, develop a closer and stronger relationship.&quot;</subfield>
  </datafield>
  <datafield tag="650" ind1=" " ind2="0">
   <subfield code="a">Brothers and sisters</subfield>
   <subfield code="x">Family relationships</subfield>
   <subfield code="z">Philippines.</subfield>
  </datafield>
  <datafield tag="700" ind1="1" ind2=" ">
   <subfield code="a">Manzano, Maylene Librando</subfield>
   <subfield code="e">author.</subfield>
  </datafield>
  <datafield tag="700" ind1="1" ind2=" ">
   <subfield code="a">Portus, Lourdes M., Ph.D.</subfield>
   <subfield code="e">adviser.</subfield>
  </datafield>
  <datafield tag="710" ind1="2" ind2=" ">
   <subfield code="a">University of the Philippines.</subfield>
   <subfield code="b">College of Mass Communication.</subfield>
  </datafield>
  <datafield tag="905" ind1=" " ind2=" ">
   <subfield code="a">FI</subfield>
  </datafield>
  <datafield tag="905" ind1=" " ind2=" ">
   <subfield code="a">UP</subfield>
  </datafield>
  <datafield tag="852" ind1="0" ind2=" ">
   <subfield code="a">UPD</subfield>
   <subfield code="b">DMC</subfield>
   <subfield code="h">LG 993.5 2014</subfield>
   <subfield code="i">M3 F47</subfield>
  </datafield>
  <datafield tag="942" ind1=" " ind2=" ">
   <subfield code="a">Thesis</subfield>
  </datafield>
 </record>
</collection>
